Normal view
MARC view
Entry Topical Term
001 - CONTROL NUMBER
- control field: 7211
003 - CONTROL NUMBER IDENTIFIER
- control field: ARRUPE
005 - DATE AND TIME OF LATEST TRANSACTION
- control field: 20140129131046.0
008 - FIXED-LENGTH DATA ELEMENTS
- fixed length control field: 140129|| aca||aabn | a|a d
040 ## - CATALOGING SOURCE
- Original cataloging agency: ARRUPE
- Transcribing agency: ARRUPE
150 ## - HEADING--TOPICAL TERM
- Topical term or geographic name as entry element: Spiritual life
- General subdivision: Christianity.
670 ## - SOURCE DATA FOUND
- Source citation: Work cat.: (ARRUPE)0: Casey, Kathleen, 1960- 7207, Sabbath presence :, c2006.